000
00247nam a2200109Ia 4500
999
_c
9467
_d
9467
020
_a
978-0534520847
100
_a
Joseph R. Des Jardins
245
0
_a
Environmental Ethics
260
_a
New Jersey
_b
Thomson South
_c
1996
300
_a
395
942
_c
BK